000 00338nam a2200133Ia 4500
008 240624s9999 xx 000 0 und d
041 _aeng
082 _a823 GAR
100 _aGARDNER ERLE STANLEY
245 _aCASE OF THE SUN BATHER S DIARY
260 _c2006
_aNew Delhi
_bMaster Mind Books
300 _a230 p.; 17 cm.
365 _cRS
999 _c28939
_d28939